Statystyki dla Top 10 najlepszych strzelców Bundesligi.

Kliknij tutaj aby rozwiązać quiz!

Ogólne statystyki

  • Ten quiz został rozwiązany 150 razy
  • Średni wynik to 4 z 10

Statystyki odpowiedzi

#PiłkarznarodowośćLiczba goli% Poprawnych
2Robert Lewandowski
312
100%
1Gerd Muller
365
97%
9Dieter Muller
177
90%
6Claudio Pizzaro
197
36%
4Jupp Heynckes
220
10%
3Klaus Fischer
268
8%
10Klaus Allofs
177
5%
5Manfred Burgsmuller
213
4%
8Stefan Kuntz
179
4%
7Ulf Kirsten
182
4%

Rozkład punktacji

Percentyl według liczby udzielonych odpowiedzi

Procent ludzi z każdym wynikiem

Twoja historia wyników

Nie rozwiązałeś tego quizu